[Event "Druzynowe Mistrzostwa Polski Juniorow 2019 - II Liga"]
[Site "Szczyrk"]
[Date "1899-12-30"]
[Round "10.53"]
[White "Choinska, Debora"]
[Black "Lajdamik, Anna"]
[Result "1-0"]
[WhiteTitle "I++"]
[BlackTitle "I"]
[WhiteElo "1737"]
[BlackElo "1324"]

1. e4 c6 2. d4 d5 3. Nc3 dxe4 4. Nxe4 Nf6 5. Nxf6+ gxf6 6. Nf3 Bg4 7. Be2 Qc7 8.
g3 e5 9. Nd2 Bh3 10. Bg4 Bxg4 11. Qxg4 Nd7 12. Nc4 h5 13. Qf5 O-O-O 14. dxe5 b5
15. Nd6+ Bxd6 16. exd6 Qxd6 17. O-O h4 18. Bf4 Qf8 19. a4 hxg3 20. Bxg3 b4 21.
Qa5 Ne5 22. Qa6+ Kc7 23. Qxa7+ Kc8 24. a5 Qg7 25. Qa6+ Kc7 26. Qb6+ Kc8 27. a6
Rd7 28. a7 1-0

[Event "Druzynowe Mistrzostwa Polski Juniorow 2019 - II Liga"]
[Site "Szczyrk"]
[Date "1899-12-30"]
[Round "10.54"]
[White "Jaros, Emilia"]
[Black "Walendykiewicz, Martyna"]
[Result "1/2-1/2"]
[WhiteTitle "I"]
[BlackTitle "I"]
[WhiteElo "1112"]
[BlackElo "1221"]

1. e4 e5 2. Nf3 Nf6 3. Nxe5 d6 4. Nf3 Nxe4 5. d4 d5 6. Bd3 Bg4 7. h3 Bh5 8. O-O
Be7 9. c4 c6 10. cxd5 Nf6 11. dxc6 Nxc6 12. Bb5 O-O 13. Bxc6 bxc6 14. Nbd2 Bb4
15. a3 Bxd2 16. Bxd2 Bxf3 17. Qxf3 Qxd4 18. Bc3 Qe4 19. Qxe4 Nxe4 20. Rac1 Rfc8
21. Rfe1 Nxc3 22. Rxc3 Rab8 23. b4 Kf8 24. f4 Rb5 25. Rec1 a5 26. Rc5 Rxc5 27.
Rxc5 axb4 28. axb4 Rb8 29. Rxc6 Rxb4 30. g3 g6 31. Rc7 Rb2 32. h4 Rd2 33. Rc5
Kg7 34. h5 Kh6 35. hxg6 hxg6 36. Rc4 Kh5 37. Rc3 Kg4 38. Rb3 Kh3 39. Kf1 Rh2 40.
Ke1 Rg2 41. Rb7 f5 42. Rg7 Rxg3 43. Kf2 Rg4 44. Kf3 Rg3+ 1/2-1/2

[Event "Druzynowe Mistrzostwa Polski Juniorow 2019 - II Liga"]
[Site "Szczyrk"]
[Date "1899-12-30"]
[Round "10.55"]
[White "Lewandowski, Wiktor"]
[Black "Majdanski, Maksymilian"]
[Result "1-0"]
[WhiteTitle "II+"]
[BlackTitle "I"]
[WhiteElo "1749"]
[BlackElo "1767"]

1. e4 c5 2. Nf3 Nc6 3. d4 cxd4 4. Nxd4 Nf6 5. Nc3 e5 6. Ndb5 d6 7. Bg5 a6 8. Na3
b5 9. Nd5 Be7 10. Bxf6 Bxf6 11. c4 b4 12. Nc2 a5 13. Qf3 O-O 14. Rd1 Be6 15. Be2
Bg5 16. h4 Be7 17. c5 dxc5 18. Nf6+ Bxf6 19. Rxd8 Rfxd8 20. b3 a4 21. O-O Rd2
22. Bd1 Rad8 23. Ne3 Nd4 24. Qh5 g6 25. Qh6 Bg7 26. Qg5 f6 27. Qg3 Rxd1 28. Rxd1
Ne2+ 29. Kh2 Rxd1 30. Qf3 Rd2 31. Nd5 Bxd5 32. exd5 Nd4 33. Qe3 Rxa2 34. d6 Bf8
35. d7 Be7 36. Qe4 Kf7 37. Qa8 Ne6 38. Qe8+ 1-0

[Event "Druzynowe Mistrzostwa Polski Juniorow 2019 - II Liga"]
[Site "Szczyrk"]
[Date "1899-12-30"]
[Round "10.56"]
[White "Ksiazkiewicz, Michal"]
[Black "Kejna, Piotr"]
[Result "0-1"]
[WhiteTitle "III"]
[BlackTitle "CM"]
[WhiteElo "1000"]
[BlackElo "1726"]

1. e4 c5 2. Nf3 e6 3. d4 cxd4 4. Nxd4 Bc5 5. Nb3 Bb6 6. Nc3 Ne7 7. Be2 O-O 8. O-O
f5 9. Bg5 h6 10. Bxe7 Qxe7 11. Qd2 fxe4 12. Nxe4 d5 13. Nc3 Nc6 14. Rad1 Bd7 15.
Bf3 Ne5 16. Be2 Rf6 17. Nd4 Raf8 18. Nf3 Nxf3+ 19. Bxf3 Qf7 20. Rde1 Bc7 21. Qd4
Rxf3 22. gxf3 Qh5 23. Qg4 Qxh2# 0-1

[Event "Druzynowe Mistrzostwa Polski Juniorow 2019 - II Liga"]
[Site "Szczyrk"]
[Date "1899-12-30"]
[Round "10.57"]
[White "Eigner, Jerzy"]
[Black "Tarawski, Adrian"]
[Result "0-1"]
[WhiteTitle "II+"]
[BlackTitle "II+"]
[WhiteElo "1516"]
[BlackElo "1562"]

1. e4 d5 2. exd5 Qxd5 3. Nc3 Qd6 4. Nf3 Nf6 5. d4 c6 6. g3 g6 7. Bg2 Bg7 8. O-O
O-O 9. Re1 Bf5 10. a3 Na6 11. Bf4 Qd8 12. h3 h6 13. Ne5 Nc7 14. Ne2 Ncd5 15. Bc1
Nd7 16. Nd3 N7b6 17. Nc5 Bc8 18. b3 Nd7 19. Nxd7 Bxd7 20. c4 Nf6 21. Be3 Qc8 22.
Kh2 Re8 23. Qd2 Kh7 24. Rad1 Rh8 25. Nf4 Qc7 26. d5 Rad8 27. Qb4 Rde8 28. Bxa7
g5 29. Bb6 Qc8 30. Nd3 Bf8 31. Ne5 Kg7 32. Nxd7 Nxd7 33. Bd4+ f6 34. dxc6 bxc6
35. Qa4 Nb8 36. b4 e5 37. Ba1 Qf5 38. Qa7+ Be7 39. b5 cxb5 40. cxb5 h5 41. Bc3
h4 42. Bb4 hxg3+ 43. fxg3 Kf7 44. Rf1 Qc8 45. Bxe7 Rxe7 46. Qb6 Rh6 47. Qd6 Rd7
48. Qb4 Rc7 49. Qb3+ Kg7 50. Rd2 Rc3 51. Qb4 Kf7 52. a4 e4 53. Qxe4 Qc7 54. Qb7
Qxb7 55. Bxb7 Ra3 56. Rd4 Ra2+ 57. Bg2 Rh8 58. Rb1 Rc8 59. Kh1 Kg7 60. b6 Rcc2
0-1

[Event "Druzynowe Mistrzostwa Polski Juniorow 2019 - II Liga"]
[Site "Szczyrk"]
[Date "1899-12-30"]
[Round "10.58"]
[White "Lochinski, Pawel"]
[Black "Komendecki, Antoni"]
[Result "0-1"]
[WhiteTitle "II"]
[BlackTitle "II"]
[WhiteElo "1138"]
[BlackElo "1416"]

1. e4 c5 2. Nf3 e6 3. d4 cxd4 4. Nxd4 Bc5 5. c4 Qb6 6. Nf3 Bxf2+ 7. Ke2 Ne7 8.
Nc3 Bc5 9. Na4 Qd6 10. Qxd6 Bxd6 11. e5 Bc7 12. Bf4 Ng6 13. Bg3 Nc6 14. Kf2 Bxe5
0-1

[Event "Druzynowe Mistrzostwa Polski Juniorow 2019 - II Liga"]
[Site "Szczyrk"]
[Date "1899-12-30"]
[Round "10.59"]
[White "Lascar, Maria Elena"]
[Black "Zalucka, Emilia"]
[Result "1-0"]
[WhiteTitle "I+"]
[BlackTitle "I"]
[WhiteElo "1590"]
[BlackElo "1440"]

1. e4 e5 2. Nf3 Nc6 3. Nc3 Nf6 4. d4 exd4 5. Nxd4 Bb4 6. Nxc6 bxc6 7. Bd3 d5 8.
e5 Ng4 9. Bf4 d4 10. Qf3 dxc3 11. O-O-O cxb2+ 12. Kb1 Kf8 13. Bc4 Qe8 14. h3 Nxf2
15. Qxf2 Be6 16. Bxe6 Qxe6 17. Qd4 c5 18. Qd7 Qe7 19. Qc6 Re8 20. Rd7 Qe6 21.
Qxc7 c4 22. Rhd1 Be7 23. Be3 g5 24. Rxe7 Rxe7 25. Bc5 Kg7 26. Bxe7 Re8 27. Bf6+
Kg8 28. Rd8 1-0

[Event "Druzynowe Mistrzostwa Polski Juniorow 2019 - II Liga"]
[Site "Szczyrk"]
[Date "1899-12-30"]
[Round "10.60"]
[White "Ziobrowska, Maja"]
[Black "Salamon, Julia"]
[Result "0-1"]
[WhiteTitle "I"]
[BlackTitle "I"]
[WhiteElo "1491"]
[BlackElo "1273"]

1. e4 c5 2. d4 cxd4 3. c3 dxc3 4. Nxc3 Nc6 5. Bc4 e6 6. Nf3 d6 7. O-O Be7 8. Qe2
e5 9. Rd1 Nf6 10. h3 a6 11. Be3 O-O 12. Rac1 Bd7 13. Nd5 Nxd5 14. Bxd5 Rc8 15.
Nd2 b5 16. a4 Nb4 17. f4 Bf6 18. Nf3 Re8 19. fxe5 dxe5 20. Bb3 Qe7 21. Rxc8 Rxc8
22. Qd2 bxa4 23. Bxf7+ Kxf7 24. Qxd7 Qxd7 25. Rxd7+ Ke8 26. Rb7 Nd3 27. Rb6 Rc2
28. Rxa6 Nxb2 29. Ra5 Nc4 30. Ra8+ Kd7 31. Bf2 a3 32. Ne1 Rc1 33. Kf1 Be7 34.
Ke2 Bb4 35. Nd3 Rc2+ 36. Kf3 Ba5 37. Nc5+ Kc6 38. Rc8+ Kb5 39. Rb8+ Nb6 40. Nd7
Rxf2+ 41. Kxf2 a2 42. Nxb6 Bxb6+ 43. Kf3 a1=Q 44. Rd8 Qf1+ 45. Kg3 Qf4# 0-1

[Event "Druzynowe Mistrzostwa Polski Juniorow 2019 - II Liga"]
[Site "Szczyrk"]
[Date "1899-12-30"]
[Round "10.61"]
[White "Majocha, Piotr"]
[Black "Wnek, Filip"]
[Result "0-1"]
[WhiteTitle "I++"]
[BlackTitle "I++"]
[WhiteElo "2005"]
[BlackElo "1749"]

1. d4 f5 2. Bg5 h6 3. Bh4 g5 4. e3 Nf6 5. Bg3 Bg7 6. h4 g4 7. Nc3 e6 8. Bc4 d6
9. h5 Bd7 10. Nge2 Qe7 11. Nf4 Rg8 12. Qd2 Nc6 13. f3 a6 14. O-O-O O-O-O 15. Qe2
gxf3 16. gxf3 Rge8 17. Bxa6 Nb4 18. Bb5 Nbd5 19. Bxd7+ Rxd7 20. Ncxd5 Nxd5 21.
Ng6 Qg5 22. Bf4 Qf6 23. Qb5 c6 24. Qb3 e5 25. dxe5 dxe5 26. Bg3 Qg5 27. Bf2 Qg2
28. Qa3 Qxf2 29. Qa8+ Kc7 30. Qxe8 Qxe3+ 31. Kb1 e4 32. Ka1 exf3 33. Qxe3 Nxe3
34. Rc1 f2 35. c3 Rd2 36. Nf4 Be5 37. Nh3 Kd6 38. Kb1 Kd5 39. Nxf2 Rxf2 40. Rhg1
f4 41. Rg6 f3 42. Rxh6 Rh2 43. Rh7 b5 44. h6 f2 45. Rf7 f1=Q 46. Rfxf1 Nxf1 47.
Rxf1 Rxh6 48. Kc2 Rh2+ 49. Kb3 c5 50. Rb1 Kc6 51. a3 Kb6 52. Rc1 c4+ 53. Ka2 Ka5
54. Ka1 Ka4 55. Ka2 Bf6 56. Ka1 Kb3 57. Rb1 Bh8 58. a4 bxa4 59. Re1 a3 60. Kb1
Rxb2+ 0-1

[Event "Druzynowe Mistrzostwa Polski Juniorow 2019 - II Liga"]
[Site "Szczyrk"]
[Date "1899-12-30"]
[Round "10.62"]
[White "Kozak, Karol"]
[Black "Szydelko, Michal"]
[Result "0-1"]
[WhiteTitle "II"]
[BlackTitle "I"]
[WhiteElo "1295"]
[BlackElo "1843"]

1. e4 e5 2. d4 Nf6 3. Nf3 Nxe4 4. Nxe5 d5 5. Bf4 Bd6 6. f3 Nf6 7. Bd3 Nh5 8. Bg3
Nxg3 9. hxg3 Bxe5 10. dxe5 Qg5 11. Kf2 g6 12. Nc3 c6 13. f4 Qe7 14. g4 Nd7 15.
Qe2 Nc5 16. Rae1 Bd7 17. f5 O-O-O 18. f6 Qe6 19. Kg3 Ne4+ 20. Nxe4 Qxe5+ 21. Kf3
dxe4+ 22. Bxe4 Qxf6+ 23. Kg3 h5 24. Bf3 hxg4 25. Bxg4 Qd6+ 26. Kf2 Qd4+ 27. Kg3
f5 28. Bh3 g5 29. Kh2 g4 30. Rhf1 gxh3 31. gxh3 f4 32. Qf3 Rxh3+ 33. Qxh3 Bxh3
34. Kxh3 Rg8 35. Re8+ Rxe8 36. Kg4 Rg8+ 37. Kf5 Qd5+ 38. Kxf4 Rf8+ 39. Ke3 Rxf1
40. b3 Re1+ 41. Kf2 Re4 42. c4 Qf5+ 43. Kg3 Rg4+ 44. Kh3 Qh5# 0-1

[Event "Druzynowe Mistrzostwa Polski Juniorow 2019 - II Liga"]
[Site "Szczyrk"]
[Date "1899-12-30"]
[Round "10.63"]
[White "Bochenek, Ryszard"]
[Black "Glaz, Michal"]
[Result "1-0"]
[WhiteTitle "II"]
[BlackTitle "II"]
[WhiteElo "1362"]
[BlackElo "1209"]

1. Nf3 Nf6 2. g3 Nc6 3. Bg2 g6 4. d4 Bg7 5. c4 d6 6. Nc3 O-O 7. O-O Bd7 8. d5 Ne5
9. Nxe5 dxe5 10. e4 Qc8 11. Re1 Bg4 12. f3 Bd7 13. c5 Rd8 14. b4 e6 15. Qb3 exd5
16. exd5 Re8 17. Ne4 Nxe4 18. fxe4 Bh3 19. Bxh3 Qxh3 20. Rf1 Rf8 21. Bb2 Qg4 22.
Qc4 Qd7 23. Rad1 a6 24. d6 cxd6 25. Rxd6 Qb5 26. Qxb5 axb5 27. a3 Rfd8 28. Rfd1
Rxd6 29. Rxd6 Kf8 30. Rb6 Ra7 31. Rxb5 Ke7 32. Rb6 Kd7 33. Rd6+ Ke7 34. Kf2 h5
35. Ke2 Ke8 36. Kd3 Ke7 37. Kc4 Ke8 38. Kb5 Ke7 39. Rd5 f6 40. Kb6 Ra8 41. Kxb7
Re8 42. c6 Kf8 43. c7 Re7 44. Rd8+ Kf7 45. Kb8 1-0

[Event "Druzynowe Mistrzostwa Polski Juniorow 2019 - II Liga"]
[Site "Szczyrk"]
[Date "1899-12-30"]
[Round "10.64"]
[White "Rainer, Piotr"]
[Black "Szuber, Dawid"]
[Result "1/2-1/2"]
[WhiteTitle "I"]
[BlackTitle "II"]
[WhiteElo "1445"]
[BlackElo "1340"]

1. e4 c5 2. Nf3 e6 3. d4 cxd4 4. Nxd4 Nc6 5. Nc3 a6 6. Be3 Nf6 7. Be2 Be7 8. O-O
d6 9. f4 Qc7 10. Bf3 O-O 11. g4 Nd7 12. Nb3 b5 13. a4 b4 14. Ne2 Bb7 15. Qd2 Nb6
16. Qd3 Rac8 17. a5 Nd7 18. g5 Ncb8 19. Rfc1 Qc4 20. Qxc4 Rxc4 21. Nd2 Rc7 22.
b3 Rfc8 23. Ra2 g6 24. Kf2 Bf8 25. Nc4 Nc5 26. Bxc5 dxc5 27. e5 Bxf3 28. Kxf3
Rd8 29. Raa1 Rcd7 30. Ng3 Nc6 31. Ne4 Nd4+ 32. Kf2 Kg7 33. h4 Nf5 34. Rh1 Be7
35. h5 Rd4 36. Kf3 R4d7 37. Rh2 Nd4+ 38. Kg4 Nf5 39. Rah1 Rd1 40. hxg6 Rxh1 41.
Rxh1 hxg6 42. Ng3 Nd4 43. Rh2 Rh8 44. Rd2 Rd8 45. Ne4 Kf8 46. Nb6 Nb5 47. Rxd8+
Bxd8 48. Nxc5 Nd4 49. Nxa6 Nxc2 50. Nc5 Nd4 51. Nbd7+ Ke7 52. a6 Nb5 53. Nb8 Bb6
54. Nc6+ Ke8 55. Na4 Bg1 56. Nxb4 Kd7 57. Kf3 Kc7 58. Nd3 Ba7 59. b4 Nd4+ 60.
Ke4 Nb3 61. Kf3 1/2-1/2

[Event "Druzynowe Mistrzostwa Polski Juniorow 2019 - II Liga"]
[Site "Szczyrk"]
[Date "1899-12-30"]
[Round "10.65"]
[White "Wasala, Wiktoria"]
[Black "Zablocka, Katarzyna"]
[Result "0-1"]
[WhiteTitle "I"]
[BlackTitle "I"]
[WhiteElo "1515"]
[BlackElo "1255"]

1. e4 e5 2. Nc3 Nf6 3. g3 Nc6 4. Nge2 Bc5 5. h3 d6 6. Bg2 h6 7. d3 Nh7 8. Nd5 Ne7
9. Be3 Bxe3 10. Nxe3 c6 11. d4 Qa5+ 12. c3 Be6 13. d5 cxd5 14. exd5 Bd7 15. Qb3
b5 16. O-O O-O 17. c4 bxc4 18. Nxc4 Qa6 19. Rac1 Rab8 20. Qd1 Bb5 21. b3 Rfc8
22. Qc2 Nf6 23. Rfd1 Rc5 24. Be4 Nexd5 25. Bxd5 Rxd5 26. a4 Bxc4 27. bxc4 Rxd1+
28. Qxd1 Rb4 29. Nc3 Rxc4 30. Nb5 Qxa4 31. Rxc4 Qxd1+ 0-1

[Event "Druzynowe Mistrzostwa Polski Juniorow 2019 - II Liga"]
[Site "Szczyrk"]
[Date "1899-12-30"]
[Round "10.67"]
[White "Piekielny, Pawel"]
[Black "Radecki, Adam"]
[Result "1-0"]
[WhiteTitle "I++"]
[BlackTitle "I"]
[WhiteElo "1985"]
[BlackElo "1803"]

1. e4 d6 2. d4 Nf6 3. Nc3 e5 4. Nf3 Nbd7 5. Bc4 Be7 6. O-O O-O 7. Re1 c6 8. a4
Qc7 9. h3 b6 10. d5 Bb7 11. dxc6 Bxc6 12. Bb5 Nc5 13. Bxc6 Qxc6 14. Bg5 Rfe8 15.
Bxf6 Bxf6 16. Nd5 Be7 17. c3 Bf8 18. Nh4 Re6 19. b4 Nd7 20. Nf3 h6 21. Qd3 Nf6
22. Nxf6+ Rxf6 23. Nh2 Rc8 24. Ng4 Rg6 25. Ne3 Re6 26. Nd5 Ree8 27. b5 Qc5 28.
a5 Be7 29. axb6 axb6 30. Ra7 Kf8 31. Rea1 f6 32. Rb7 Ra8 33. Ra6 Rxa6 34. bxa6
Qa3 35. a7 Ra8 36. Rb8+ 1-0

[Event "Druzynowe Mistrzostwa Polski Juniorow 2019 - II Liga"]
[Site "Szczyrk"]
[Date "1899-12-30"]
[Round "10.68"]
[White "Distel, Pawel"]
[Black "Golinski, Kacper"]
[Result "1/2-1/2"]
[WhiteTitle "I"]
[BlackTitle "I"]
[WhiteElo "1675"]
[BlackElo "1761"]

1. e4 e5 2. Nf3 Nf6 3. d4 Nxe4 4. Bd3 d5 5. Nxe5 Be7 6. O-O O-O 7. c4 c6 8. Nc3
Nxc3 9. bxc3 Nd7 10. Nxd7 Bxd7 11. cxd5 cxd5 12. Qh5 f5 13. Rb1 g6 14. Qf3 Bc6
15. Bf4 Bf6 16. Qg3 Bh4 17. Qf3 Bf6 18. Qg3 Bh4 19. Qf3 Bf6 20. Qg3 1/2-1/2

[Event "Druzynowe Mistrzostwa Polski Juniorow 2019 - II Liga"]
[Site "Szczyrk"]
[Date "1899-12-30"]
[Round "10.69"]
[White "Szymczak, Krzysztof"]
[Black "Kubik, Rafal"]
[Result "0-1"]
[WhiteTitle "II"]
[BlackTitle "II+"]
[WhiteElo "1157"]
[BlackElo "1473"]

1. d4 d5 2. c4 e6 3. Nc3 Nf6 4. Bf4 Bd6 5. Bxd6 Qxd6 6. e3 O-O 7. Nf3 Nbd7 8. c5
Qe7 9. Bd3 e5 10. Be2 e4 11. Nd2 c6 12. O-O Ne8 13. Qc2 f5 14. f4 exf3 15. Rxf3
g6 16. Bd3 Ndf6 17. h3 Ng7 18. Raf1 Bd7 19. Kh1 Kh8 20. Nd1 Ngh5 21. R1f2 Ne4
22. Bxe4 dxe4 23. g4 exf3 24. gxh5 Be6 25. Nxf3 Bd5 26. Kh2 f4 27. hxg6 fxe3 28.
g7+ Qxg7 29. Rg2 Qc7+ 30. Ne5 Bxg2 31. Qxg2 Rae8 32. Kh1 Rxe5 33. dxe5 Qxe5 0-1

[Event "Druzynowe Mistrzostwa Polski Juniorow 2019 - II Liga"]
[Site "Szczyrk"]
[Date "1899-12-30"]
[Round "10.70"]
[White "Karwot, Marek"]
[Black "Lamek, Dawid"]
[Result "1/2-1/2"]
[WhiteTitle "II"]
[BlackTitle "II"]
[WhiteElo "1107"]
[BlackElo "1070"]

1. e4 c6 2. d4 d5 3. exd5 cxd5 4. Bd3 Nc6 5. c3 Nf6 6. Bf4 a6 7. h3 e6 8. Nf3 Bd6
9. Bxd6 Qxd6 10. O-O O-O 11. Re1 Re8 12. Nbd2 e5 13. Nxe5 Nxe5 14. dxe5 Rxe5 15.
Rxe5 Qxe5 16. Nf3 Qd6 17. Qd2 Bd7 18. Nd4 Re8 19. Rd1 Ne4 20. Qc2 h6 21. Nf3 Nf6
22. Qd2 Bc6 23. Re1 Rxe1+ 24. Nxe1 Qc5 25. Nf3 Bb5 26. Bc2 Qc4 27. Bb3 Qf1+ 28.
Kh2 Bc4 29. Bxc4 Qxc4 30. a3 Ne4 31. Qe1 Qa2 32. Qe2 Qc4 33. Qxc4 dxc4 34. Ne5
b5 35. a4 Nxf2 36. axb5 axb5 37. Nc6 Nd3 38. Nd4 b4 39. cxb4 Nxb4 40. b3 c3 41.
Ne2 Na2 42. Nd4 Nb4 43. Ne2 c2 44. Nc1 Kf8 45. Kg3 Ke7 46. Kf3 Kd6 47. Ke3 Ke5
48. Kd2 Kf4 49. Ne2+ Ke4 50. Ng1 Nd3 51. Kxc2 Ne1+ 52. Kd2 Nxg2 53. Ke2 Nf4+ 54.
Kf2 Nd3+ 55. Kg3 Kd4 56. Nf3+ Kc3 57. Kg4 Kxb3 58. Nd4+ Kc4 59. Nf5 Ne5+ 60. Kg3
Kd5 61. Nxg7 f6 62. Nf5 Nf7 63. Kf4 Ke6 64. h4 Kd5 65. Ng3 Nd6 66. Nf5 Nf7 67.
Ng3 Ke6 68. Nf5 Kd7 69. Ng3 Ke7 70. Nf5+ Ke6 71. Ng7+ Ke7 72. Nf5+ Ke6 73. Ng7+
Ke7 74. Nf5+ Ke6 1/2-1/2

[Event "Druzynowe Mistrzostwa Polski Juniorow 2019 - II Liga"]
[Site "Szczyrk"]
[Date "1899-12-30"]
[Round "10.71"]
[White "Jedras, Adrianna"]
[Black "Robakowska, Paulina"]
[Result "1/2-1/2"]
[WhiteTitle "I"]
[BlackTitle "I"]
[WhiteElo "1367"]
[BlackElo "1291"]

1. c4 Nf6 2. d4 c5 3. e3 e6 4. d5 b5 5. Nf3 Bb7 6. dxe6 fxe6 7. cxb5 Be7 8. Be2
O-O 9. O-O a6 10. bxa6 Nxa6 11. Nc3 Nb4 12. Bd2 Qb8 13. a3 Nbd5 14. Nxd5 Bxd5
15. b4 Ng4 16. h3 cxb4 17. Bxb4 Bxb4 18. hxg4 Bxa3 19. Qd3 Be7 20. e4 Bc6 21.
e5 Rxa1 22. Rxa1 Bxf3 23. Bxf3 Qxe5 24. Ra7 Qe1+ 25. Qf1 Qd2 26. Qd1 Qxd1+ 27.
Bxd1 Bc5 28. Ra2 d5 29. Bf3 Rb8 30. Re2 Kf7 31. Kf1 d4 32. Be4 h6 33. f3 Rb3 34.
Rd2 Kf6 35. Ke2 e5 36. Rd3 Rxd3 37. Kxd3 Kg5 38. Kc4 Bb6 39. Kd3 Kf4 40. Ke2 Kg3
41. Kf1 Kf4 42. Ke2 Kg3 43. Kf1 Kf4 1/2-1/2

[Event "Druzynowe Mistrzostwa Polski Juniorow 2019 - II Liga"]
[Site "Szczyrk"]
[Date "1899-12-30"]
[Round "10.72"]
[White "Czerwinska, Oliwia"]
[Black "Golinska, Patrycja"]
[Result "1-0"]
[WhiteTitle "I"]
[BlackTitle "I"]
[WhiteElo "1345"]
[BlackElo "1197"]

1. e4 e5 2. Nf3 Nc6 3. Bc4 Nf6 4. Ng5 d5 5. exd5 Na5 6. Bb5+ c6 7. dxc6 bxc6 8.
Qf3 Bd7 9. Bd3 h6 10. Ne4 Nd5 11. Nbc3 Be7 12. Ng3 Nf4 13. O-O O-O 14. Bf5 Bh4
15. Bxd7 Qxd7 16. d3 Ng6 17. Nf5 Rfe8 18. Ne4 Qe6 19. g3 Bf6 20. Nxh6+ Kf8 21.
Nxf6 Qxf6 22. Qxf6 gxf6 23. Bd2 Nb7 24. Nf5 Kg8 25. Rfe1 Ne7 26. Nxe7+ Rxe7 27.
Re2 Rd8 28. Rae1 Re6 29. f4 Rde8 30. Bc3 Nc5 31. fxe5 fxe5 32. Rxe5 Rxe5 33. Rxe5
Rxe5 34. Bxe5 Kh7 35. Bd4 Na4 36. b3 Nb6 37. Bxb6 axb6 38. Kf2 Kg6 39. a4 Kf6
40. h4 c5 41. c3 Kf5 42. Kf3 f6 43. d4 cxd4 44. cxd4 Ke6 45. h5 Kd5 46. h6 Kxd4
47. h7 Kc3 48. h8=Q Kxb3 49. Qxf6 1-0

[Event "Druzynowe Mistrzostwa Polski Juniorow 2019 - II Liga"]
[Site "Szczyrk"]
[Date "1899-12-30"]
[Round "10.73"]
[White "Laszczak, Przemyslaw"]
[Black "Kucharski, Bartlomiej"]
[Result "1/2-1/2"]
[WhiteTitle "k"]
[BlackTitle "I++"]
[WhiteElo "1942"]
[BlackElo "1952"]

1. d4 d6 2. g3 e5 3. c3 g6 4. Bg2 Bg7 5. Nf3 Nd7 6. O-O Ne7 7. Bg5 O-O 8. dxe5
dxe5 9. Na3 h6 10. Be3 Nf5 11. Qc1 Qe7 12. Nb5 Nxe3 13. Qxe3 Nb6 14. Nd2 Rd8 15.
Rfd1 Nd5 16. Bxd5 Rxd5 17. c4 Rd8 18. Nxa7 Bf5 19. Nb5 c6 20. Nc3 Qb4 21. a3 Qa5
22. c5 Be6 23. b4 Qc7 24. Nde4 Rxd1+ 25. Nxd1 f5 26. Nd6 e4 27. Nc3 b6 28. a4
bxc5 29. bxc5 Qa5 30. Rc1 Kh7 31. Kg2 Qb4 32. f3 Bd4 33. Qd2 Bxc5 34. Rb1 Qd4
35. Qxd4 Bxd4 36. Rb7+ Kg8 37. Re7 Bb3 38. Rb7 Bc2 39. Rb2 Bxa4 40. Nxa4 Bxb2
41. Nxb2 exf3+ 42. Kxf3 Kg7 43. Ndc4 Kf6 1/2-1/2

[Event "Druzynowe Mistrzostwa Polski Juniorow 2019 - II Liga"]
[Site "Szczyrk"]
[Date "1899-12-30"]
[Round "10.74"]
[White "Wolak, Kamil"]
[Black "Czarnomski, Dominik"]
[Result "1/2-1/2"]
[WhiteTitle "I"]
[BlackTitle "II+"]
[WhiteElo "1619"]
[BlackElo "1541"]

1. e4 e6 2. Qe2 d5 3. d3 Nf6 4. g3 dxe4 5. dxe4 b6 6. Nf3 Ba6 7. c4 Nc6 8. e5 Nd5
9. a3 Qd7 10. Qd1 Nde7 11. Qxd7+ Kxd7 12. b4 Bb7 13. Bg2 Nd4 14. Nxd4 Bxg2 15.
Rg1 Bb7 16. Ke2 Rd8 17. Be3 Ng6 18. f4 c5 19. bxc5 Bxc5 20. Nb5 Ba6 21. Bxc5 Bxb5
22. cxb5 bxc5 23. Nc3 Kc7 24. Rgd1 Ne7 25. a4 Nd5 26. Ne4 f5 27. exf6 gxf6 28.
Rac1 Kb8 29. Nxc5 Rhe8 30. Kf2 e5 31. Na6+ Kb7 32. Rc5 Nb6 33. Rc7+ Ka8 34. Rxd8+
Rxd8 35. fxe5 fxe5 36. a5 Nd7 37. Ke2 Nb8 38. b6 axb6 39. axb6 Nxa6 40. Ra7+ Kb8
41. Rxa6 Rd6 42. Ra7 h6 1/2-1/2

[Event "Druzynowe Mistrzostwa Polski Juniorow 2019 - II Liga"]
[Site "Szczyrk"]
[Date "1899-12-30"]
[Round "10.75"]
[White "Krawczak, Patryk"]
[Black "Bartuzi, Krzysztof"]
[Result "0-1"]
[WhiteTitle "II"]
[BlackTitle "II+"]
[WhiteElo "1117"]
[BlackElo "1392"]

1. e4 e6 2. d4 d5 3. e5 c5 4. c3 Nc6 5. Nf3 Qb6 6. a3 c4 7. Be2 Na5 8. Nbd2 Bd7
9. O-O f6 10. Qe1 Ne7 11. Bd1 Nb3 12. Nxb3 cxb3 13. Qe3 Nf5 14. Qd2 Be7 15. Be2
Rc8 16. Bd3 O-O 17. Qf4 Qc7 18. Qg4 g6 19. Qh3 Ng7 20. g4 f5 21. Kh1 fxg4 22.
Qxg4 Qb6 23. Bh6 Rf7 24. Rg1 Nf5 25. Bd2 Bb5 26. Bxf5 Rxf5 27. Qg3 Rcf8 28. Ng5
Bxg5 29. Bxg5 Bd3 30. Bf6 Be4+ 31. Rg2 Bxg2+ 32. Qxg2 Qb5 33. Rg1 Qe2 34. f4 Qxg2+
35. Rxg2 Rxf4 36. Kg1 R8xf6 37. exf6 Rxf6 38. Re2 Kf7 39. Kg2 Rf4 40. Kg3 g5 41.
Re5 Kf6 42. h3 Re4 43. Rxe4 dxe4 44. Kf2 b5 45. Ke3 Kf5 46. Ke2 Kf4 47. Kf2 h5
48. Ke2 g4 49. hxg4 hxg4 50. Kf2 e3+ 51. Kg2 g3 52. Kf1 Kf3 0-1

[Event "Druzynowe Mistrzostwa Polski Juniorow 2019 - II Liga"]
[Site "Szczyrk"]
[Date "1899-12-30"]
[Round "10.76"]
[White "Bartuzi, Michal"]
[Black "Olszewski, Antoni"]
[Result "1-0"]
[WhiteTitle "II+"]
[BlackTitle "II"]
[WhiteElo "1193"]
[BlackElo "1380"]

1. d4 d5 2. c4 dxc4 3. Nc3 Nc6 4. d5 Na5 5. e4 e6 6. Bf4 Nf6 7. Nb5 e5 8. Bxe5
Bd6 9. Bxf6 gxf6 10. Nxd6+ cxd6 11. Qc2 b5 12. b4 Nb7 13. a4 Bd7 14. axb5 Bxb5
15. Bxc4 Bxc4 16. Qxc4 Qb6 17. Rc1 O-O 18. Ne2 a5 19. O-O Qxb4 20. Qd3 Rfe8 21.
Qg3+ Kh8 22. Qf4 Qxe4 23. Qxf6+ Kg8 24. Rc3 Qe5 25. Rg3+ Kf8 26. Qh6+ Ke7 27.
Re3 Qxe3 28. Qxe3+ Kf8 29. Qh6+ Kg8 30. Ng3 a4 31. Nf5 1-0

[Event "Druzynowe Mistrzostwa Polski Juniorow 2019 - II Liga"]
[Site "Szczyrk"]
[Date "1899-12-30"]
[Round "10.77"]
[White "Nowacka, Dorota"]
[Black "Mirowska, Oliwia"]
[Result "1-0"]
[WhiteTitle "I+"]
[BlackTitle "I++"]
[WhiteElo "1576"]
[BlackElo "1735"]

1. d4 d6 2. g3 f5 3. Bg2 Nf6 4. c4 g6 5. Nc3 e6 6. Nh3 Bg7 7. O-O O-O 8. Qb3 c6
9. Rd1 Qe7 10. Qa3 Rd8 11. Bf4 Nh5 12. Bg5 Bf6 13. Bxf6 Nxf6 14. e4 fxe4 15. Ng5
e3 16. fxe3 Ng4 17. Nce4 Nf6 18. Rf1 Nxe4 19. Nxe4 e5 20. dxe5 Qxe5 21. Rad1 Be6
22. Nxd6 b6 23. Rf4 a6 24. Re4 Qf6 25. Red4 Rd7 26. Ne4 Qg7 27. Rxd7 Nxd7 28.
Qd6 Bf5 29. Qxc6 Ra7 30. Nd6 Qe5 31. Nxf5 Qxf5 32. Bd5+ Kg7 33. Be6 1-0

[Event "Druzynowe Mistrzostwa Polski Juniorow 2019 - II Liga"]
[Site "Szczyrk"]
[Date "1899-12-30"]
[Round "10.78"]
[White "Hals, Emilia"]
[Black "Zalewska, Malgorzata"]
[Result "1-0"]
[WhiteTitle "I"]
[BlackTitle "I"]
[WhiteElo "1346"]
[BlackElo "1000"]

1. e4 c5 2. Nf3 d6 3. d4 cxd4 4. Nxd4 Nc6 5. Nc3 Nf6 6. f3 e6 7. Rb1 d5 8. exd5
exd5 9. Be2 Be7 10. Nxc6 bxc6 11. Be3 O-O 12. O-O a5 13. a3 Rb8 14. Na4 Bf5 15.
Bd3 d4 16. Bxf5 dxe3 17. Re1 Qxd1 18. Rbxd1 Nd5 19. Kf1 Rfd8 20. c4 e2+ 21. Kxe2
Nf4+ 22. Kf1 Rxd1 23. Rxd1 g6 24. Be4 Bf6 25. Rd2 Rc8 26. Nc5 Be7 27. Nb7 a4 28.
Rd7 Bf6 29. Nd6 Rb8 30. g3 Ne6 31. Bxc6 Bxb2 32. Nxf7 Rc8 33. Bd5 Re8 34. Nd6
Rf8 35. Bxe6+ Kh8 36. Nf7+ Kg7 37. Nd6+ Kf6 38. Bd5 Bxa3 39. Nb5 Bc5 40. Rxh7
a3 41. Nxa3 Bxa3 42. Kf2 Bc5+ 43. Ke2 Re8+ 44. Be4 Ke5 45. Rh6 Rb8 46. Bxg6 Rb2+
47. Kd3 Rb3+ 48. Ke2 Rb2+ 49. Kf1 Rf2+ 50. Ke1 Rxf3 51. Rh4 Bf2+ 52. Ke2 Rf6 53.
Rf4 Bxg3 54. Rxf6 Kxf6 55. hxg3 Kxg6 1-0

[Event "Druzynowe Mistrzostwa Polski Juniorow 2019 - II Liga"]
[Site "Szczyrk"]
[Date "1899-12-30"]
[Round "10.79"]
[White "Zabron, Maksym"]
[Black "Niemier, Hubert"]
[Result "1-0"]
[WhiteTitle "I+"]
[BlackTitle "I"]
[WhiteElo "1739"]
[BlackElo "1764"]

1. e4 c5 2. Nf3 e6 3. d3 d5 4. Qe2 Nf6 5. g3 Be7 6. Bg2 O-O 7. O-O Nc6 8. e5 Nd7
9. c4 d4 10. h4 Qc7 11. Bf4 Rb8 12. a4 a6 13. Nbd2 b5 14. axb5 axb5 15. Rfe1 Nb4
16. Rec1 bxc4 17. Nxc4 Ba6 18. b3 Bxc4 19. bxc4 Rb6 20. Ng5 Bxg5 21. hxg5 g6 22.
Bf3 Rfb8 23. Kg2 Nc6 24. Qe4 Ne7 25. Rh1 Rb2 26. Ra8 Rxa8 27. Qxa8+ Rb8 28. Qa4
Nb6 29. Qa5 Nc6 30. Qxc5 Rc8 31. Bxc6 Qxc6+ 32. Qxc6 Rxc6 33. Kf3 Nd7 34. Ke4
Ra6 35. Kxd4 Ra2 36. Be3 Ra5 37. f4 Kf8 38. Rxh7 Ke7 39. Rh2 Nc5 40. Rb2 Nd7 41.
Kc3 Ra3+ 42. Rb3 1-0